| 000 | 00527nam a2200217Ia 4500 | ||
|---|---|---|---|
| 008 | 170918s9999 xx 000 0 und d | ||
| 020 | _a9780545140331 | ||
| 050 | _bL869 2007 | ||
| 100 | _aLorey, Dean | ||
| 245 | _aMonster hunters / | ||
| 245 | _cDean Lorey ; illustrated by Brandon Dorman. | ||
| 260 | _aNew York : | ||
| 260 | _bScholastic, | ||
| 260 | _c2007 | ||
| 300 | _a310 pages : | ||
| 300 | _bcolored illustration ; | ||
| 300 | _c19cm. | ||
| 440 | _aNightmare academy ; | ||
| 440 | _v1 | ||
| 500 | _a750 | ||
| 999 |
_c342266 _d342266 |
||